Дело по ревизии Казанского университета

Доступно только в Электронных читальных залах Найти на картеНа карте
RUSMARC
00004101nmc2a22002773x 450
001a7b4b667-2b9a-415d-8521-c0bb2b8fe596
00520260212003328.0
100##$a20250819l18311831k l0rusy0189 ca
1010#$arus
102##$aRU
105##$ay###
1222#$ad
2001#$aДело по ревизии Казанского университета
$j7 января - 8 мая 1831 г.
215##$a199 л.
$d36,5х26 см
251##$cДело
300##$aНа бланке обложки указано: "Отделение третье. Стол контрольный"
300##$aНа обложке имеются карандашные пометы
300##$aОриг. заголовок дела: Продолжение дела по обревизованию Казанского университета. 7 января 1831 г. - 8 мая 1831 г
371##$aДокумент не является опубликованным и широко распространяемым
461#0$1001a74412a3-3cc5-4d21-8f0a-dfe2fbd9e72d
$12001
$aДепартамент народного просвещения Министерства народного просвещения (1803-1917)
$1251
$cФонд
$1852
$j733
462#0$1001a6622fb3-31f3-4f49-aac3-243f6793e8d6
$12001
$aДела Департамента народного просвещения за 1818-1862 годы
$1251
$cОпись
$1852
$j113
5171#$aПродолжение дела по обревизованию Казанского университета. 7 января 1831 г. - 8 мая 1831 г
801#0$aRU
$bРГИА
$c20250819
$gRCR
801#1$aRU
$bГлавНИВЦ
$c20250819
$2rusmarc
801#2$aRU
$bПБ им. Б.Н. Ельцина
$c20260212
$gRCR
$2rusmarc
850##$aРГИА
852##$aРГИА
$eФедеральное казенное учреждение "Российский государственный исторический архив" (РГИА)
$j87
937##$hРГИА
$d12094723
$aASBIBLIO_SCAN
035##$aRusGRCC00089241
856##$uhttp://readingroom.main.prlib.ru/item.aspx?id_node=n200458337&mode=full
Формат отображения